00633nam a2200217 a 450000100060000000300080000600500170001400800410003103500190007203500140009104000270010504100080013208200210014010000390016124500440020026000550024430000280029950400510032765000190037865000180039733204BD-RjUL20211209051951.0140430r19621951enk b 00110 eng d a(BD-RjUL)33295 a(BD-RjUL) aSITcSITbengdBD-RjUL aeng a301.43bHOH 19621 aHomans, George C.q(George Caspar)14aThe human group /cby George C. Homans. aLondon :bRoutledge & Kegan,c1951 [Reprint 1962]. axxiii, 484 p. ;c23 cm. aIncludes bibliographical references and index. 0aSocial groups. 0aSmall groups.